| 000 | 00930nam a2200241Ia 4500 | ||
|---|---|---|---|
| 001 | 8946 | ||
| 003 | GE_BSU | ||
| 008 | 181216s||||||||xx |||||||||||||| ||und|| | ||
| 040 | _cGE_BSU | ||
| 080 | _a821.353.1–32+821.353.1-31 | ||
| 100 | _aკვიცარიძე,დავით | ||
| 245 | _aროგორ უხმობდა სიკეთე სიკეთეს | ||
| 245 | _bმოთხრობები.რომანი | ||
| 245 | _cრედ.ტ.ჯანხოთელი.მხატვ.ო.ქანდარია | ||
| 250 | _aმეორე გამ–მა | ||
| 260 | _aთბილისი | ||
| 260 | _bსაბჭოთა საქართველო | ||
| 260 | _c1987 | ||
| 300 | _a645გვ.20სმ. | ||
| 653 | _aმოთხრობები.რომანი | ||
| 653 | _aროგორ უხმობდა სიკეთე სიკეთეს | ||
| 942 | _cBK | ||
| 999 |
_c42251 _d42251 |
||